Graṅth of guru Gobind Singh : (Record no. 104098)

MARC details
000 -LEADER
fixed length control field 00685nam a22001937a 4500
005 - DATE AND TIME OF LATEST TRANSACTION
control field 20161020150218.0
010 ## - LCCN (DPL NO)
LC control number ENG-116244
020 ## - INTERNATIONAL STANDARD BOOK NUMBER
International Standard Book Number 9780199458974
Terms of availability 995.00
035 ## - SYSTEM CONTROL NUMBER
System control number EN-99776
037 ## - SOURCE OF ACQUISITION
Source of stock number/acquisition DBAD/PUB
082 ## - DEWEY DECIMAL CLASSIFICATION NUMBER
Classification number 294.682
100 ## - MAIN ENTRY--PERSONAL NAME
Personal name Kamalroop Singh
245 ## - TITLE STATEMENT
Title Graṅth of guru Gobind Singh :
Statement of responsibility, etc by Kamalroop Singh [and] Gurinder Singh Mann
Remainder of title essays, lectures, and translations /
260 ## - PUBLICATION, DISTRIBUTION, ETC. (IMPRINT)
Place of publication, distribution, etc New Delhi
Name of publisher, distributor, etc Oxford University Press
Date of publication, distribution, etc 2015
270 ## - ADDRESS
Address YMCA Library Building, 1 Jai Singh Road,
City New Delhi
Postal code 110001
300 ## - PHYSICAL DESCRIPTION
Extent xii,284p.
Dimensions 22cm(pbk)
500 ## - GENERAL NOTE
General note Includes bibliographical references and index
942 ## - ADDED ENTRY ELEMENTS (KOHA)
Source of classification or shelving scheme Dewey Decimal Classification
Item type English Books
Call number suffix KAM
Classification part 294.682
Holdings
Withdrawn status Lost status Not for loan Collection code Home library Current library Date acquired Source of acquisition Cost, normal purchase price Full call number Barcode Copy number Cost, replacement price Koha item type
      Non-fiction Bawana Bawana 20/10/2016 DBAD/PUB 995.00 294.682 KAM EN-99776 1 995.00 English Books

© Delhi Public Library
Hit Counter
free hit counter